Statistiken für Die besten Filme seit 2020

Klicken Sie hier um das Quiz zu spielen!

Allgemein

  • Dieses Quiz wurde 56 mal gespielt
  • Das Durchschnittsergebnis liegt bei 2 aus 6

Antwortstatistiken

PlatzierungFilmErscheinungsjahr% Korrekt
122.Spiderman: No Way Home2021
64%
43.Top Gun: Maverick2022
48%
130.Everything Everywhere All At Once2022
30%
114.Hamilton2020
12%
250.Jai Bhim2021
8%
132.The Father2020
6%

Verteilung der Resultate

Perzentil nach korrekt beantworteten Fragen

Anzahl Personen mit jedem Resultat

Ihre Resultats-Entwicklung

Sie haben dieses Quiz noch nicht gespielt